000 00659nam a2200193Ia 4500
008 140925s9999 xx 000 0 und d
020 _a1468-2389
100 _aViswesvaran, Chockalingam .
245 _aInternational journal of selection and assessment /
_cChockalingam Viswesvaran.
_h[electronic resource]
260 _bJohn Wiley & Sons, Inc.,
_cc2014.
516 _aElectronic text
650 _aAssessment.
650 _aHuman Resource Management.
650 _aJournal.
830 _aJohn Wiley & Sons, Inc.
856 _uhttp://onlinelibrary.wiley.com/journal/10.1111/%28ISSN%291468-2389
942 _cEJ
999 _c275802
_d275802